Influence of Boron on growth and yield of Broccoli cultivars / (Record no. 14021)

MARC details
000 -LEADER
fixed length control field 01045nam a22002777a 4500
001 - CONTROL NUMBER
control field BD-DhSAU 8849
003 - CONTROL NUMBER IDENTIFIER
control field BD-DhSAU
005 - DATE AND TIME OF LATEST TRANSACTION
control field 20181217150704.0
008 - FIXED-LENGTH DATA ELEMENTS--GENERAL INFORMATION
fixed length control field 150420b2016 bg ||||| m||| 00| 0 eng d
040 ## - CATALOGING SOURCE
Original cataloging agency BD-DhSAU
082 ## - DEWEY DECIMAL CLASSIFICATION NUMBER
Edition number 22
Classification number 635
Item number Sa351
100 ## - MAIN ENTRY--PERSONAL NAME
Relator term Registration # 10-04027
Personal name Salma , Umme
245 ## - TITLE STATEMENT
Title Influence of Boron on growth and yield of Broccoli cultivars /
Remainder of title MS thesis
Statement of responsibility, etc. Salma , Umme
260 ## - PUBLICATION, DISTRIBUTION, ETC. (IMPRINT)
Place of publication, distribution, etc. Sher-e-Bangla Agricultural University :
Name of publisher, distributor, etc. Department of Horticulture,
Date of publication, distribution, etc. 2016
300 ## - PHYSICAL DESCRIPTION
Extent ix,85 p. :
Dimensions 30 cm.
Other physical details ill. ;
500 ## - GENERAL NOTE
General note MS thesis of Department of Horticulture, Faculty of Agriculture, Sher-e-Bangla Agricultural University, Dhaka
504 ## - BIBLIOGRAPHY, ETC. NOTE
Bibliography, etc Includes bibliographical reference.
590 ## - Name of Cataloguer
Name of Cataloger Shofi
650 ## - SUBJECT ADDED ENTRY--TOPICAL TERM
Topical term or geographic name as entry element Horticulture
650 ## - SUBJECT ADDED ENTRY--TOPICAL TERM
Topical term or geographic name as entry element Boron
650 ## - SUBJECT ADDED ENTRY--TOPICAL TERM
Topical term or geographic name as entry element Broccoli
700 ## - ADDED ENTRY--PERSONAL NAME
Personal name Hossain, Md. Ismail
Relator term Superviser
700 ## - ADDED ENTRY--PERSONAL NAME
Personal name Akand, Md. Hasanuzzaman
Relator term Co-superviser
856 ## - ELECTRONIC LOCATION AND ACCESS
Uniform Resource Identifier <a href="http://archive.saulibrary.edu.bd:8080/xmlui/handle/123456789/138">http://archive.saulibrary.edu.bd:8080/xmlui/handle/123456789/138</a>
Link text Online Access
942 ## - ADDED ENTRY ELEMENTS (KOHA)
Source of classification or shelving scheme Dewey Decimal Classification
Koha item type MS Level Thesis
Holdings
Withdrawn status Lost status Source of classification or shelving scheme Damaged status Not for loan Collection code Home library Branch Name Date acquired Total Checkouts Full call number Barcode Date last seen Price effective from Koha item type
    Dewey Decimal Classification   Not For Loan Reference SAU Library SAU Library 13/09/2017   635 Sa351 40187 15/10/2017 15/10/2017 MS Level Thesis